000 00787cab a2200241 4500
001 WB3419-04
008 090401t1998 xxu||||| |||| 00| 0 eng d
035 _a(Sirsi) u86313
041 _aeng
245 _aContractors sidestep act
260 _c1998
350 _a0
490 _aBuilding
_v263(8039) 15 May 1998, 7(1)
520 _aContractors are finding ways to escape the fair payment measures in the Construction Act by using `effective dating` and `pay when certified` clauses.
650 _aHOUSING GRANTS, CONSTRUCTION AND REGENERATION ACT 1996
650 _aCONTRACTORS
650 _aEFFECTIVE DATE
650 _aFAIR PAYMENT
650 _aPAY WHEN CERTIFIED CLAUSES
690 _aBUILT ENVIRONMENT-BUILDING CONTRACT FORMS
942 _n0
948 _c20/05/1998
999 _c54312
_d54312